|
|
|
|
| LEADER |
00000cam a2200000 4500 |
| 001 |
vtls012021318 |
| 003 |
SK-MaSNL |
| 005 |
20260302074125.0 |
| 008 |
210408s2021 xo er 010 f slo |
| 015 |
|
|
|a SNBA2021/09
|
| 020 |
|
|
|a 9788055174402
|q (viazané)
|
| 040 |
|
|
|a SNK
|b slo
|c SNK
|e rda
|
| 041 |
1 |
|
|a slo
|h eng
|
| 044 |
|
|
|a xo
|c SK
|
| 072 |
|
7 |
|a 821.111-3
|x Anglická próza, anglicky písaná
|2 konspekt
|
| 080 |
|
|
|a 821.111-31
|2 2011
|
| 080 |
|
|
|a (0:82-312.4)
|2 2011
|
| 100 |
1 |
|
|a Craven, M. W.
|q (Mike W.),
|d 1968-
|4 aut
|9 206714
|
| 240 |
1 |
0 |
|a Black summer
|l Slovensky
|
| 245 |
1 |
0 |
|a Čierne leto
|c M.W. Craven ; preložila Mariana Ferusová
|
| 264 |
|
1 |
|a Bratislava
|b Ikar
|c 2021
|
| 300 |
|
|
|a 413 strán
|c 21 cm
|
| 336 |
|
|
|a text
|b txt
|2 rdacontent
|
| 337 |
|
|
|a bez média
|b n
|2 rdamedia
|
| 338 |
|
|
|a zväzok
|b nc
|2 rdacarrier
|
| 500 |
|
|
|a Preložené z angličtiny
|
| 500 |
|
|
|a Obsahuje stručné biografické údaje o autorovi na záložke prebalu publikácie
|
| 655 |
|
7 |
|a anglické romány
|2 SNKPH
|9 70428
|
| 655 |
|
7 |
|a detektívne romány
|2 SNKPH
|9 70455
|
| 655 |
|
7 |
|a English fiction
|2 SNKPHeng
|9 109944
|
| 655 |
|
7 |
|a Detective novels
|2 SNKPHeng
|9 121444
|
| 700 |
1 |
|
|a Ferusová, Mariana
|4 trl
|9 176961
|
| 787 |
0 |
8 |
|i Zo série:
|t Washington Poe
|g 2
|
| 919 |
|
|
|a 978-80-551-7440-2
|
| 954 |
|
|
|a beletria cudzojazyčná (svetová)
|2 lita
|
| 958 |
|
|
|a LX
|
| 958 |
|
|
|a UP
|
| 968 |
|
|
|b ENG
|
| 999 |
|
|
|c 1163786
|d 1165716
|
| 952 |
|
|
|a SNK
|b SNK
|y PREZ
|7 0
|p 17A1452672
|o snkSC 192465
|i snk2021/3996
|8 0
|0 0
|1 0
|4 0
|d 2021-05-07
|f 1
|l 0
|r 2025-10-09 00:00:00
|w 2026-02-24
|
| 952 |
|
|
|a SNK
|b SNK
|y PREZ
|7 0
|p 17A1453775
|o snkSC 192465 D1
|i snk2021/6443
|8 0
|0 0
|1 0
|4 0
|d 2021-06-07
|l 0
|r 2026-02-24 20:41:13
|w 2026-02-24
|